• 首页
  • 本馆介绍
  • 公告通知
  • 最新文献
  • 馆藏检索
  • 电子资源
  • 读者导购
  • 参考咨询
  • 我的图书馆
  • 登录
  • 详细信息显示
  • 放入我的书架
  • 预约/预借图书
  • 作者相关作品
  • 分类相关作品
  • 丛书相关作品
  • 出版社相关作品

书目信息

  • 表格格式
  • 工作单格式
  • 卡片格式
题名:
现场总线技术及实训
    
 
作者: 于玲 主编
分册:  
出版信息: 北京   化学工业出版社  2018.09
页数: 207页
开本: 26cm
丛书名:
单 册:
中图分类: TP273 , TP336
科图分类:
主题词: 总线--高等职业教育--教材 , 电子数字计算机
电子资源:
ISBN: 978-7-122-32587-7
000 00915nam0 2200253 450
001 5214
005 20181014152606.05
010    @a978-7-122-32587-7@dCNY35.00
100    @a20181010d2018 em y0chiy50 ea
101 0  @achi
102    @aCN@b110000
105    @aa z 000yy
200 1  @a现场总线技术及实训@9xian chang zong xian ji shu ji shi xun@f于玲主编
210    @a北京@c化学工业出版社@d2018.09
215    @a207页@c图@d26cm
300    @a高职高专自动化类专业“十三五”规划教材
330    @a本教材以现场总线控制系统的设计、安装、运行、调试、维护和监控为主线,重点介绍Profibus和Interbus总线的使用方法。实训部分以自动生产线为例,采用Profibus现场总线控制系统,配备了STEP7编程软件和WinCC监控软件。
606 0  @a总线@x高等职业教育@j教材
606 0  @a电子数字计算机
690    @aTP273@v5
690    @aTP336@v4
701  0 @a于玲@9yu ling@4主编
801  0 @aCN@b91MARC@c20181010
905    @aMuseLib@dTP336@e180
    
    现场总线技术及实训/于玲主编.-北京:化学工业出版社,2018.09
    207页:图;26cm
    高职高专自动化类专业“十三五”规划教材
    
    ISBN 978-7-122-32587-7:CNY35.00
    本教材以现场总线控制系统的设计、安装、运行、调试、维护和监控为主线,重点介绍Profibus和Interbus总线的使用方法。实训部分以自动生产线为例,采用Profibus现场总线控制系统,配备了STEP7编程软件和WinCC监控软件。
●
相关链接 在E读中查询图书 在五车中查询图书 在当当中查询图书 在豆瓣中查询图书


正题名:现场总线技术及实训     索取号:TP336/180         预约/预借

序号 登录号 条形码 馆藏地/架位号 状态 备注
1 1128639   211286393   第二样本阅览室/ [索取号:TP336/180] 在馆    
2 1128640   211286400   第三借阅区/ [索取号:TP336/180] 在馆    
3 1128641   211286419   第三借阅区/ [索取号:TP336/180] 在馆    
4 1128642   211286428   第三借阅区/ [索取号:TP336/180] 在馆    
5 1128643   211286437   第三借阅区/ [索取号:TP336/180] 在馆    
唐山师范学院图书馆 欢迎您!
大连网信软件有限公司© 版权所有